Life and times of shaikh farid-uddin ganj-i-shakar / (Record no. 125362)

MARC details
000 -LEADER
fixed length control field 00700nam a22002417a 4500
005 - DATE AND TIME OF LATEST TRANSACTION
control field 20170124105952.0
010 ## - LIBRARY OF CONGRESS CONTROL NUMBER
LC control number 720302
020 ## - INTERNATIONAL STANDARD BOOK NUMBER
Terms of availability 28.00
035 ## - SYSTEM CONTROL NUMBER
System control number 720302
037 ## - SOURCE OF ACQUISITION
Source of stock number/acquisition Cen Lib/Ret
040 ## - CATALOGING SOURCE
Original cataloging agency DPL
Language of cataloging EN
082 ## - DEWEY DECIMAL CLASSIFICATION NUMBER
Classification number 270
Item number NIZ
100 ## - MAIN ENTRY--PERSONAL NAME
Personal name Nizami, Khaliq Ahmad
9 (RLIN) 83056
245 ## - TITLE STATEMENT
Title Life and times of shaikh farid-uddin ganj-i-shakar /
Statement of responsibility, etc by Khaliq Ahmad Nizami
260 ## - PUBLICATION, DISTRIBUTION, ETC. (IMPRINT)
Place of publication, distribution, etc Delhi
Date of publication, distribution, etc 1955
Name of publisher, distributor, etc Idarah-i- adabiyat-i- delli
270 ## - ADDRESS
City Delhi
Address Qasimjan
300 ## - PHYSICAL DESCRIPTION
Extent 144p.;
Dimensions 21cm(Hb)
Other physical details ill.
490 ## - SERIES STATEMENT
Series statement I ad religio-philosophy series no.
Volume number/sequential designation 1
500 ## - GENERAL NOTE
General note Includes index
650 ## - SUBJECT ADDED ENTRY--TOPICAL TERM
Topical term or geographic name as entry element Islam
9 (RLIN) 5289
650 ## - SUBJECT ADDED ENTRY--TOPICAL TERM
Topical term or geographic name as entry element Sunni faith
9 (RLIN) 83057
942 ## - ADDED ENTRY ELEMENTS (KOHA)
Source of classification or shelving scheme Dewey Decimal Classification
Koha item type English Books
Classification part 270
Call number suffix NIZ
Holdings
Withdrawn status Lost status Damaged status Not for loan Home library Current library Date acquired Source of acquisition Cost, normal purchase price Total Checkouts Full call number Barcode Date last seen Copy number Cost, replacement price Price effective from Koha item type
        Central Library Central Library 20/06/2015 Cen Lib/Ret 28.00   270 NIZ 720302 20/06/2015 1 28.00 20/06/2015 English Books

© Delhi Public Library
Hit Counter
free hit counter